Southville International School and Colleges
Your cart is empty.
  • Cart
  • Lists
    Public lists Eva Luna New books Lux_list list_1
    Your lists Log in to create your own lists
  • Log in to your account
  • Your cookies
  • Search history
Southville International School and Colleges
  • Advanced search
  • Recent comments
  • Most popular
  • Libraries

Log in to your account

Log in with GOOGLE


If you do not have an external account, but do have a local account, you can still log in:

  1. Home
  2. MARC view: Indiana jones and the raiders of the lost ark
Normal view MARC view ISBD view

Indiana jones and the raiders of the lost ark (Record no. 11456)

[ view plain ]
MARC details
000 -LEADER
fixed length control field 00550nam a22001937a 4500
003 - CONTROL NUMBER IDENTIFIER
control field PILC
005 - DATE AND TIME OF LATEST TRANSACTION
control field 20160115103300.0
008 - FIXED-LENGTH DATA ELEMENTS--GENERAL INFORMATION
fixed length control field 130917t xxu||||| |||| 00| 0 eng d
020 ## - INTERNATIONAL STANDARD BOOK NUMBER
International Standard Book Number 0545007003
050 ## - LIBRARY OF CONGRESS CALL NUMBER
Classification number PZ 7
Item number .W72433r 2008
082 ## - DEWEY DECIMAL CLASSIFICATION NUMBER
Classification number FIC
Item number W72r 2008
100 ## - MAIN ENTRY--PERSONAL NAME
Personal name Windham, Ryder
9 (RLIN) 19256
245 ## - TITLE STATEMENT
Title Indiana jones and the raiders of the lost ark
Statement of responsibility, etc Ryder Windham
260 ## - PUBLICATION, DISTRIBUTION, ETC. (IMPRINT)
Place of publication, distribution, etc New York :
Name of publisher, distributor, etc Scholastic,
Date of publication, distribution, etc c2008.
300 ## - PHYSICAL DESCRIPTION
Extent 230 p. :
Other physical details ill. (some col.) ;
Dimensions 20 cm.
650 ## - SUBJECT ADDED ENTRY--TOPICAL TERM
Topical term or geographic name as entry element Fiction.
9 (RLIN) 746
942 ## - ADDED ENTRY ELEMENTS (KOHA)
Source of classification or shelving scheme Library of Congress Classification
Koha item type Books
Holdings
Withdrawn status Lost status Source of classification or shelving scheme Damaged status Home library Current library Shelving location Date acquired Total Checkouts Full call number Barcode Date last seen Date checked out Copy number Price effective from Koha item type
    Library of Congress Classification   Luxembourg Library Luxembourg Library Fiction Section 09/17/2013 1 PZ 7 .W72433r 2008 17942 12/05/2017 12/04/2017 1 09/17/2013 Books

Indiana jones and the raiders of the lost ark

APA

Windham R., . (2008). Indiana jones and the raiders of the lost ark. New York: Scholastic.

Chicago

Windham Ryder, . 2008. Indiana jones and the raiders of the lost ark. New York: Scholastic.

Harvard

Windham R., . (2008). Indiana jones and the raiders of the lost ark. New York: Scholastic.

MLA

Windham Ryder, . Indiana jones and the raiders of the lost ark. New York: Scholastic. 2008.

  • Place hold
  • Print
  • Cite
  • Add to your cart (remove)
  • Save record
    BIBTEX Dublin Core MARCXML MARC (non-Unicode/MARC-8) MARC (Unicode/UTF-8) MARC (Unicode/UTF-8, Standard) MODS (XML) RIS
  • More searches
    Search for this title in:
    Other Libraries (WorldCat) Other Databases (Google Scholar) Online Stores (Bookfinder.com) Open Library (openlibrary.org)

Exporting to Dublin Core...

SOUTHVILLE LIBRARY

Southville International School and Colleges Library

1281 Tropical Ave. Cor. Luxembourg St., BF Homes International, Las Pinas City

Tel. No. 8256374 / 252358 Loc. 117/146

Powered by Koha